Strategie der wirtschaftlichen Integration

Na minha lista:
Detalhes bibliográficos
Autor principal: El-Shagi, El-Shagi
Formato: Livro
Idioma:alemão
Publicado em: Berlin Duncker und Humblot 1980
Colecção:Volkswirtschaftliche Schriften Heft 298
Tags: Adicionar Tag
Sem tags, seja o primeiro a adicionar uma tag!

MARC

LEADER 00000nam a2200000 4500
001 c136994
005 20041019155308.6
041 0 |a ger 
044 |a DE 
245 1 0 |a Strategie der wirtschaftlichen Integration  |c El-Shagi El-Shagi 
264 1 |a Berlin  |b Duncker und Humblot  |c 1980 
300 |a 310 s. 
490 1 |a Volkswirtschaftliche Schriften  |v Heft 298 
830 0 |a Volkswirtschaftliche Schriften  |v Heft 298 
100 1 |a El-Shagi, El-Shagi